| 000 | 00778nam a2200325Ia 4500 | ||
|---|---|---|---|
| 008 | 210210b2006 xxu||||| |||| 00| 0 eng d | ||
| 020 | _a0 19 568348 X | ||
| 041 | _aeng | ||
| 082 | _a907.2 GOTH | ||
| 100 | _aGOTTLOB (Michael) Ed | ||
| 245 | _aHistorical thinking in South Asia: a handbook of sources from colonial times to the present. | ||
| 260 |
_aNew Delhi _bOxford University Press _c2006 |
||
| 650 | _ato | ||
| 650 | _atimes | ||
| 650 | _athinking | ||
| 650 | _athe | ||
| 650 | _aSouth | ||
| 650 | _asources | ||
| 650 | _apresent. | ||
| 650 | _aof | ||
| 650 | _ain | ||
| 650 | _aHistorical | ||
| 650 | _ahandbook | ||
| 650 | _afrom | ||
| 650 | _acolonial | ||
| 650 | _aAsia: | ||
| 650 | _aa | ||
| 690 | _aHistoriography | ||
| 906 | _a061542 | ||
| 999 |
_c108406 _d108406 |
||